NBA top 1000 PSP of the 2020s - Statistics

General Stats
  • This quiz has been taken 200 times
  • The average score is 346 of 1003
Answer Stats
Rk Player PSP Team Pos PSPPG % Correct
1 Nikola Jokic 24980 DEN C 56.01
98%
6 LeBron James 19067 LAL PG,C,PF,SF 52.67
97%
2 Luka Doncic 22835 DAL PG 58.25
97%
3 Giannis Antetokounmpo 21680 MIL PF 55.88
96%
4 Jayson Tatum 21033 BOS PF,SF 45.92
96%
11 Joel Embiid 16141 PHI C 50.44
95%
200 Thaddeus Young 5136 CHI,SAS,TOR,PHO PF 18.47
95%
5 Trae Young 19197 ATL PG 51.33
95%
7 James Harden 18897 HOU,BRK,PHI,LAC SG,PG 50.26
94%
9 Devin Booker 17040 PHO SG,PG 43.80
93%
12 Russell Westbrook 16054 HOU,WAS,LAL,LAC,DEN PG 41.92
93%
487 Jared Butler 1131 UTA,OKC,WAS SG,PG 11.31
92%
18 Jimmy Butler 15327 MIA SF,PF 41.65
92%
800 John Butler 100 POR C 5.26
92%
725 Ajay Mitchell 207 OKC SG 12.18
91%
20 Anthony Davis 15303 LAL PF,C 45.54
91%
10 Bam Adebayo 16280 MIA PF,C 38.31
91%
109 Bruce Brown 8178 DET,BRK,DEN,IND,TOR PG,SF,SG 21.52
91%
721 Charlie Brown Jr. 211 ATL,OKC,DAL,PHI,NYK SG 4.31
91%
848 Chaundee Brown Jr. 57 ATL,LAL SG,SF 11.40
91%
17 Damian Lillard 15628 POR,MIL PG 48.53
91%
262 Davion Mitchell 4006 SAC,TOR PG 15.77
91%
15 Donovan Mitchell 15647 UTA,CLE SG,PG 42.63
91%
589 Ed Davis 549 UTA,MIN,CLE C 6.70
91%
578 Greg Brown III 578 POR,DAL SF,PF 8.26
91%
16 Jaylen Brown 15631 BOS SG,SF 37.94
91%
571 Johnny C. Davis 618 WAS SG 7.92
91%
860 Johnny Davis 49 WAS SG 4.45
91%
828 Kendall Brown 73 IND SG 2.52
91%
680 Kobe Brown 266 LAC PF 4.93
91%
424 Moses Brown 1758 POR,OKC,CLE,DAL,BRK,LAC,IND C 11.42
91%
414 Sterling Brown 1866 MIL,HOU,DAL,LAL SF,SG 11.24
91%
297 Terence Davis 3371 TOR,SAC SG 14.22
91%
447 Trayce Jackson-Davis 1480 GSW PF,C 17.21
91%
245 Troy Brown Jr. 4309 WAS,CHI,LAL,DET,MIN SF 13.47
91%
963 Bronny James 10 LAL SG 1.67
90%
8 Domantas Sabonis 17353 IND,SAC PF,C 46.40
89%
633 Justin James 396 SAC SF 5.50
89%
660 Mike P. James 322 BRK PG 14.64
89%
22 Shai Gilgeous-Alexander 15108 OKC SG,PG 44.44
89%
534 A.J. Green 864 MIL SG 7.65
88%
268 Danny Green 3866 LAL,PHI,CLE,MEM SG,SF 15.04
88%
23 De'Aaron Fox 14768 SAC PG 43.18
88%
14 DeMar DeRozan 15760 SAS,CHI,SAC SF,PF 41.15
88%
63 Draymond Green 10388 GSW PF 31.10
88%
120 Jalen Green 7654 HOU SG 31.50
88%
270 JaMychal Green 3843 LAC,DEN,GSW PF 13.73
88%
365 Javonte Green 2463 BOS,CHI,NOP SG,SF 11.14
88%
186 Jeff Green 5465 HOU,UTA,BRK,DEN C,PF 14.57
88%
296 Josh Green 3379 DAL,CHO SG 12.20
88%
24 Jrue Holiday 14555 NOP,MIL,BOS SG,PG 36.48
88%
13 Pascal Siakam 15772 TOR,IND PF 40.65
88%
163 Seth Curry 6131 DAL,PHI,BRK,CHO SG 18.47
88%
26 Stephen Curry 14538 GSW PG 46.30
88%
27 Dejounte Murray 14232 SAS,ATL,NOP PG,SG 39.21
87%
49 Jamal Murray 11265 DEN PG 38.19
87%
217 Justin Holiday 4845 IND,SAC,ATL,DAL,DEN SF,SG 14.21
87%
247 Keegan Murray 4305 SAC SF,PF 23.40
87%
512 Kris Murray 984 POR SF 12.62
87%
227 Aaron Holiday 4776 IND,PHO,WAS,ATL,HOU PG 13.30
86%
29 Anthony Edwards 13634 MIN SG 39.18
86%
606 Carsen Edwards 485 BOS,DET SG 6.38
86%
25 Chris Paul 14550 OKC,PHO,GSW,SAS PG 37.60
86%
976 Justin Edwards 8 PHI SG 8.00
86%
37 Karl-Anthony Towns 12541 MIN,NYK C,PF 42.37
86%
513 Kessler Edwards 982 BRK,SAC,DAL SF 6.50
86%
984 Rob Edwards 6 OKC SG 3.00
86%
28 Jalen Brunson 14060 DAL,NYK PG,SG 33.88
85%
271 Jalen Duren 3820 DET C 26.34
85%
46 Tyrese Haliburton 11912 SAC,IND PG,SG 40.52
85%
40 Kevin Durant 12217 BRK,PHO PF 48.29
84%
942 Alondes Williams 15 BRK,MIA,DET SG 1.67
83%
556 Brandon Williams 722 POR,DAL PG 15.70
83%
771 Cody Williams 136 UTA SG 8.50
83%
985 Donovan Williams 6 ATL SG 3.00
83%
157 Grant Williams 6275 BOS,CHO,DAL PF 14.20
83%
180 Jalen Williams 5590 OKC SG,PF 31.94
83%
433 Jaylin Williams 1668 OKC C 12.83
83%
723 Jeenathan Williams 209 POR,HOU SG 6.97
83%
772 Johnathan Williams 134 WAS PF 8.93
83%
53 Kawhi Leonard 11066 LAC SF 43.06
83%
243 Kenrich Williams 4331 NOP,OKC PF,SF 14.93
83%
378 Keyonte George 2340 UTA PG 26.00
83%
665 Kyshawn George 304 WAS SG 20.27
83%
221 Lou Williams 4828 LAC,ATL PG 22.15
83%
833 Malik Williams 68 TOR C 9.71
83%
469 Mark Williams 1306 CHO C 21.06
83%
537 Marvin Williams 841 CHO,MIL PF 12.37
83%
443 Michael Carter-Williams 1510 ORL SG,PG 18.88
83%
246 Patrick Williams 4306 CHI PF 18.32
83%
38 Paul George 12443 LAC,PHI SF,PF 40.14
83%
209 Robert Williams 4959 BOS,POR C 20.32
83%
31 Rudy Gobert 13353 UTA,MIN C 32.41
83%
460 Vince Williams Jr. 1350 MEM SG 19.29
83%
372 Ziaire Williams 2402 MEM,BRK SF 13.20
83%
591 Chasson Randle 542 GSW,ORL PG 12.32
82%
35 Ja Morant 12726 MEM PG 44.19
82%
78 Jaren Jackson Jr. 9498 MEM C,PF 30.06
82%
21 Julius Randle 15251 NYK,MIN PF 42.25
82%
44 Kyrie Irving 11984 BRK,DAL PG,SG 43.74
82%
19 Nikola Vucevic 15305 ORL,CHI C 38.75
82%
70 Coby White 9840 CHI PG,SG 26.24
81%
52 Derrick White 11138 SAS,BOS SG 26.90
81%
824 Jack White 76 DEN,MEM SF 3.62
81%
410 Amen Thompson 1880 HOU SF 23.50
80%
462 Ausar Thompson 1341 DET SF 20.95
80%
30 Fred VanVleet 13470 TOR,HOU SG,PG 38.93
80%
234 Gary Harris 4562 DEN,ORL SG 15.46
80%
148 Grayson Allen 6536 MEM,MIL,PHO SG 19.22
80%
755 Jalen Harris 156 TOR SG 12.00
80%
55 Jarrett Allen 10988 BRK,CLE C 30.02
80%
226 Joe Harris 4780 BRK,DET SF,SG 18.38
80%
795 Kadeem Allen 108 NYK PG 10.80
80%
674 Kevon Harris 273 ORL SG 7.58
80%
145 Klay Thompson 6631 GSW,DAL SG,SF 28.71
80%
869 Timmy Allen 44 MEM SF 8.80
80%
32 Tobias Harris 13123 PHI,DET PF,SF 31.55
80%
258 Tristan Thompson 4125 CLE,BOS,CHI,IND,SAC,LAL C,PF 16.43
80%
59 Tyler Herro 10793 MIA SG 31.01
80%
997 AJ Johnson 5 MIL SG 1.25
79%
603 Alize Johnson 492 IND,BRK,CHI,NOP,WAS,SAS PF 7.24
79%
799 B.J. Johnson 101 ORL SF 6.73
79%
139 Cameron Johnson 6844 PHO,BRK PF 20.19
79%
277 Jalen Johnson 3733 ATL PF,SF 21.33
79%
364 James Johnson 2467 MIA,MIN,DAL,NOP,BRK,IND PF,C 14.02
79%
101 Keldon Johnson 8446 SAS SF 27.16
79%
493 Keon Johnson 1120 LAC,POR,BRK SG 11.43
79%
904 Keyontae Johnson 30 OKC SF 3.33
79%
402 Stanley Johnson 1961 TOR,LAL,SAS PF,SF 11.74
79%
497 Tyler Johnson 1083 BRK,PHO,PHI,SAS SG,PG 11.28
79%
117 Zion Williamson 7878 NOP PF 41.25
79%
58 Aaron Gordon 10857 ORL,DEN PF 28.42
78%
580 Andre Jackson Jr. 573 MIL SG 7.35
78%
48 Bradley Beal 11746 WAS,PHO SG 41.95
78%
33 CJ McCollum 13027 POR,NOP SG,PG 37.01
78%
39 Darius Garland 12248 CLE SG,PG 35.71
78%
119 Dorian Finney-Smith 7681 DAL,BRK PF 19.49
78%
170 Eric Gordon 5957 HOU,LAC,PHO,PHI SF,SG 20.40
78%
403 Frank Jackson 1958 NOP,DET,UTA PG 12.80
78%
499 GG Jackson II 1065 MEM PF 22.19
78%
354 Isaiah Jackson 2560 IND C 14.30
78%
366 Josh Jackson 2454 MEM,DET,SAC SF,SG 18.18
78%
479 Justin Jackson 1193 DAL,MIL,OKC,BOS,PHO,MIN PF,SF 8.58
78%
43 Khris Middleton 12045 MIL SF 36.50
78%
686 Quenton Jackson 254 WAS,IND PG 11.55
78%
105 Reggie Jackson 8362 DET,LAC,DEN,PHI PG,SG 21.89
78%
41 Zach LaVine 12191 CHI SF,SG 39.58
78%
34 Brandon Ingram 12789 NOP PF,SF 40.22
77%
60 Jordan Poole 10753 GSW,WAS SG,PG 27.22
77%
538 Meyers Leonard 833 MIA,MIL C 12.25
76%
42 D'Angelo Russell 12091 GSW,MIN,LAL PG 34.95
75%
273 Dennis Smith Jr. 3794 NYK,DET,POR,CHO,BRK PG 18.60
75%
681 Dru Smith 263 BRK,MIA SG 9.07
75%
76 Harrison Barnes 9630 SAC,SAS PF 24.26
75%
230 Ish Smith 4712 WAS,CHO,DEN PG 17.20
75%
248 Jabari Smith Jr. 4286 HOU PF 24.77
75%
282 Jalen Smith 3637 PHO,IND,CHI PF,C 15.41
75%
842 J.R. Smith 60 LAL SG 3.75
75%
67 Kristaps Porzingis 10262 DAL,WAS,BOS C,PF 35.26
75%
61 Kyle Lowry 10666 TOR,MIA,PHI PG 30.65
75%
92 LaMelo Ball 8844 CHO PG 43.57
75%
203 Lonzo Ball 5081 NOP,CHI PG 32.57
75%
595 Nick Smith Jr. 521 CHO SG 9.14
75%
114 Scottie Barnes 7954 TOR PF,SF,SG 35.67
75%
810 Terquavion Smith 88 PHI PG 5.50
75%
908 Tyler Smith 28 MIL PF 3.11
75%
75 Tyrese Maxey 9658 PHI SG,PG 30.37
75%
938 Zhaire Smith 17 PHI SF 2.43
75%
85 Brook Lopez 9021 MIL C 23.68
74%
350 Robin Lopez 2589 MIL,WAS,ORL,CLE C 10.88
74%
849 Carlik Jones 57 DAL,DEN,CHI PG 4.75
72%
744 Colby Jones 180 SAC SG 4.39
72%
546 Craig Porter Jr. 773 CLE PG 12.08
72%
358 Damian Jones 2510 ATL,LAL,PHO,SAC,UTA,CLE C 10.82
72%
213 Derrick Jones Jr. 4874 MIA,POR,CHI,DAL,LAC SF,PF 13.07
72%
808 Dillon Jones 93 OKC SF 5.81
72%
206 Herbert Jones 5005 NOP PF,SF 20.94
72%
925 Isaac Jones 23 SAC PF 2.88
72%
972 Jemerrio Jones 8 LAL SF 4.00
72%
36 Jonas Valanciunas 12579 MEM,NOP,WAS C 31.06
72%
632 Jontay Porter 399 MEM,TOR PF 10.78
72%
613 Kai Jones 466 CHO,LAC C 5.90
72%
151 Kevin Porter Jr. 6455 CLE,HOU,LAC SF,SG,PG 30.02
72%
57 Kyle Kuzma 10894 LAL,WAS PF,SF 29.68
72%
975 Liam Robbins 8 MIL C 2.00
72%
628 Mason Jones 403 HOU,PHI,LAL,SAC SG 9.16
72%
91 Michael Porter Jr. 8849 DEN SF 25.65
72%
45 Mikal Bridges 11929 PHO,BRK,NYK SF,SG 26.63
72%
86 Miles Bridges 8967 CHO SF,PF 30.60
72%
188 Nickeil Alexander-Walker 5452 NOP,UTA,MIN SG 16.08
72%
368 Otto Porter Jr. 2443 CHI,ORL,GSW,TOR SF,PF 16.62
72%
182 Tre Jones 5573 SAS PG 21.68
72%
93 Tyus Jones 8769 MEM,WAS,PHO PG 22.20
72%
79 Al Horford 9404 PHI,OKC,BOS C 25.28
71%
66 Clint Capela 10263 HOU,ATL C 28.35
71%
56 Deandre Ayton 10903 PHO,POR C 31.79
71%
127 Duncan Robinson 7457 MIA SG,SF 18.01
71%
448 Glenn Robinson III 1472 GSW,PHI,SAC SF 17.32
71%
524 Jerome Robinson 907 LAC,WAS,GSW SG 8.89
71%
73 Josh Hart 9746 NOP,POR,NYK SF,SG 26.77
71%
684 Justin Robinson 255 WAS,OKC,DET,MIL,SAC PG 5.93
71%
185 Mitchell Robinson 5473 NYK C 20.20
71%
575 Orlando Robinson 604 MIA,SAC C 8.51
71%
318 Aaron Wiggins 3088 OKC SG 13.60
70%
65 Andrew Wiggins 10281 GSW,MIN SF,PF 28.64
70%
89 Lauri Markkanen 8918 CHI,CLE,UTA PF,SF 29.93
70%
118 Anfernee Simons 7725 POR SG 23.84
69%
137 Ben Simmons 6972 PHI,BRK PG 35.39
69%
820 Kobi Simmons 80 CHO,TOR SG,PG 8.89
69%
77 Ivica Zubac 9610 LAC C 22.56
68%
122 Evan Mobley 7601 CLE PF 32.48
67%
791 Isaiah Mobley 111 CLE PF 5.05
67%
409 Jabari Walker 1885 POR SF 13.37
67%
587 Jarace Walker 557 IND PF 9.13
67%
199 Kemba Walker 5139 BOS,NYK,DAL PG 30.96
67%
198 Lonnie Walker IV 5159 SAS,LAL,BRK SG 16.12
67%
62 Mike Conley 10567 UTA,MIN PG 28.95
67%
995 M.J. Walker 5 PHO SG 2.50
67%
50 RJ Barrett 11191 NYK,TOR SG,SF 31.09
67%
729 Evan Turner 193 ATL SG 10.16
66%
84 Myles Turner 9030 IND C 27.53
66%
47 Terry Rozier 11813 CHO,MIA PG,SG 34.44
66%
51 Buddy Hield 11163 SAC,IND,PHI,GSW SG,SF 27.16
65%
815 Antonio Reeves 84 NOP SG 8.40
64%
155 Austin Reaves 6327 LAL SG 25.62
64%
68 Bobby Portis 9911 NYK,MIL PF,C 23.88
64%
785 Javonte Smart 116 MIA,MIL,PHI PG 6.44
64%
367 John Wall 2448 HOU,LAC PG 33.08
64%
72 Marcus Smart 9760 BOS,MEM SG,PG 29.40
64%
103 OG Anunoby 8428 TOR,NYK SF,PF 26.26
64%
274 Victor Wembanyama 3791 SAS C 44.60
64%
661 Brodric Thomas 318 CLE,HOU,BOS SG 7.23
63%
156 Cade Cunningham 6308 DET SG,PG 40.70
63%
235 Cam Thomas 4562 BRK SG 21.72
63%
476 Isaiah Thomas 1219 WAS,NOP,CHO,DAL,LAL,PHO PG 16.70
63%
730 Khyri Thomas 192 DET,HOU SG 14.77
63%
846 Lance Thomas 57 BRK PF 5.70
63%
533 Matt Thomas 867 TOR,UTA,CHI SG 6.24
63%
54 Dennis Schroder 11059 OKC,LAL,BOS,HOU,BRK,TOR PG,SG 28.80
62%
267 Jevon Carter 3914 PHO,BRK,MIL,CHI PG 10.64
62%
910 Josh Reaves 26 DAL SF 4.33
62%
584 Vince Carter 566 ATL PF 9.43
62%
123 Wendell Carter Jr. 7586 CHI,ORL C,PF 26.71
62%
108 Desmond Bane 8211 MEM SG 29.33
61%
923 Jaylen Adams 23 POR,MIL PG 2.30
61%
107 Kentavious Caldwell-Pope 8222 LAL,WAS,DEN,ORL SG 18.60
61%
153 Steven Adams 6333 OKC,NOP,MEM,HOU C 24.26
61%
160 Alex Caruso 6157 LAL,CHI,OKC PG,SG 17.59
59%
96 Andre Drummond 8656 CLE,DET,LAL,BRK,PHI,CHI C 24.59
59%
181 Brandon Clarke 5582 MEM PF 20.30
59%
480 Duane Washington Jr. 1171 IND,PHO PG,SG 14.82
59%
111 Franz Wagner 8096 ORL SF 31.50
59%
514 Gary Clark 977 HOU,ORL,DEN,PHI,NOP PF,SF 7.88
59%
74 John Collins 9676 ATL,UTA PF 28.21
59%
112 Jusuf Nurkic 8076 POR,PHO C 31.18
59%
190 Moritz Wagner 5409 WAS,BOS,ORL C 17.12
59%
150 Paolo Banchero 6478 ORL PF 39.50
59%
81 P.J. Washington 9177 CHO,DAL PF,C 24.80
59%
647 TyTy Washington Jr. 352 HOU,MIL,PHO PG 7.82
59%
254 Zach Collins 4201 POR,SAS PF,C 22.11
59%
125 Alperen Sengun 7485 HOU C 32.83
58%
232 Carmelo Anthony 4650 POR,LAL PF 22.36
58%
98 Collin Sexton 8546 CLE,UTA PG,SG 30.74
58%
126 Immanuel Quickley 7467 NYK,TOR PG,SG 24.32
58%
87 Jakob Poeltl 8953 SAS,TOR C 25.88
58%
144 Rui Hachimura 6632 WAS,LAL PF 20.73
58%
509 Armoni Brooks 996 HOU,TOR,BRK SG,PG 11.32
57%
88 Bogdan Bogdanovic 8945 SAC,ATL SG 26.46
57%
83 Bojan Bogdanovic 9062 UTA,DET,NYK SF,PF 26.57
57%
71 Caris LeVert 9816 BRK,IND,CLE SG 30.02
57%
133 Cole Anthony 7152 ORL PG 25.82
57%
141 Daniel Gafford 6787 CHI,WAS,DAL C,PF 18.44
57%
95 Dillon Brooks 8707 MEM,HOU SG,SF 24.19
57%
97 Donte DiVincenzo 8577 MIL,SAC,GSW,NYK,MIN SG 22.45
57%
212 Dwight Powell 4878 DAL C 13.18
57%
64 Jordan Clarkson 10317 CLE,UTA SG 27.81
57%
912 Myles Powell 26 PHI PG 2.36
57%
99 Norman Powell 8489 TOR,POR,LAC SG,SF 24.46
57%
303 Chet Holmgren 3275 OKC C 32.11
56%
131 Kevin Love 7277 CLE,MIA PF,C 23.55
56%
136 Naz Reid 6995 MIN C 19.22
56%
264 DeAndre Jordan 3960 BRK,LAL,PHI,DEN C 15.71
55%
1001 Feron Hunt 4 NYK SF 2.00
54%
115 Josh Giddey 7944 OKC,CHI SF,PF,SG,PG 33.10
54%
90 Kevin Huerter 8889 ATL,SAC SG,SF 23.03
54%
990 Daryl Macon 5 MIA PG 1.25
53%
149 De'Andre Hunter 6525 ATL SF 22.50
53%
82 Jerami Grant 9151 DEN,DET,POR PF,SF 28.07
53%
854 Jerian Grant 53 WAS SG 8.83
53%
106 Tim Hardaway Jr. 8323 DAL,DET SG,SF 22.14
53%
317 Blake Griffin 3121 DET,BRK,BOS PF,C 17.73
52%
337 Dean Wade 2760 CLE PF 11.40
52%
94 Kyle Anderson 8737 MEM,MIN,GSW SF,PF 21.31
52%
937 Ryan Anderson 17 HOU C 8.50
52%
498 AJ Griffin 1071 ATL SF 11.64
51%
489 Anthony Black 1128 ORL PG 12.53
51%
142 Deni Avdija 6777 WAS,POR SF 22.22
51%
420 Dereck Lively II 1810 DAL C 20.11
51%
177 Isaiah Hartenstein 5736 HOU,CLE,DEN,LAC,NYK,OKC C 17.81
51%
173 Jaden McDaniels 5851 MIN PF,SF 18.11
51%
974 Jaylen Morris 8 SAS SG 2.67
51%
371 Juan Toscano-Anderson 2430 GSW,LAL,UTA,SAC SG,SF 11.15
51%
654 Justin Anderson 333 BRK,CLE,IND SG,SF 11.48
51%
146 Kevon Looney 6564 GSW C 17.65
51%
991 Kyle Alexander 5 MIA C 2.50
51%
739 Leaky Black 184 CHO SF 7.08
51%
143 Marcus Morris 6774 LAC,NYK,CLE,PHI PF,SF 20.34
51%
336 Markieff Morris 2766 DET,LAL,MIA,BRK,DAL PF 12.24
51%
135 Monte Morris 7058 DEN,WAS,DET,MIN,PHO PG 20.46
51%
201 P.J. Tucker 5131 HOU,MIL,MIA,PHI,LAC PF 13.98
51%
714 Rayjon Tucker 217 UTA,PHI,DEN,MIL SG,PG 4.34
51%
69 Spencer Dinwiddie 9842 BRK,DAL,WAS,LAL PG,SG 29.56
51%
197 Talen Horton-Tucker 5175 LAL,UTA,CHI SG,PG 19.45
51%
102 T.J. McConnell 8442 IND PG 23.92
51%
952 Trey Alexander 13 DEN SG 1.86
51%
893 Ty-Shon Alexander 34 PHO SG 2.13
51%
360 Brandon Miller 2503 CHO SF 28.77
50%
753 Darius Miller 157 OKC SF 8.72
50%
265 Gabe Vincent 3951 MIA,LAL PG 14.42
50%
291 Jalen McDaniels 3426 CHO,PHI,TOR SF 13.28
50%
798 Jordan Miller 102 LAC SF 6.38
50%
829 Leonard Miller 72 MIN SF 3.60
50%
816 Malcolm Miller 83 TOR SF 2.86
50%
276 Dwight Howard 3744 LAL,PHI C 16.42
49%
301 Elfrid Payton 3307 NYK,PHO,NOP PG 20.04
49%
348 Gary Payton II 2636 WAS,GSW,POR SF,PG,SG 12.15
49%
228 Jalen Suggs 4772 ORL PG,SG 23.74
49%
743 Jett Howard 181 ORL SF 4.76
49%
110 Malik Monk 8158 CHO,LAL,SAC SG 23.92
49%
636 Markus Howard 386 DEN SG 5.01
49%
154 Nic Claxton 6331 BRK C 23.02
49%
205 Payton Pritchard 5040 BOS SG,PG 14.65
49%
998 William Howard 4 HOU PF 2.00
49%
175 Devin Vassell 5809 SAS SF,SG 23.71
48%
250 Jaxson Hayes 4275 NOP,LAL C 12.72
48%
218 Killian Hayes 4841 DET PG 23.05
48%
853 Kostas Antetokounmpo 53 LAL PF 2.65
48%
80 Malcolm Brogdon 9302 IND,BOS,POR,WAS PG 33.10
48%
486 Thanasis Antetokounmpo 1143 MIL SF,PF 5.17
48%
279 Andrew Nembhard 3713 IND SG,PG 22.23
47%
124 Gary Trent Jr. 7554 POR,TOR,MIL SF,SG 21.34
47%
223 Jonathan Kuminga 4801 GSW SF,PF 18.98
47%
121 Mason Plumlee 7652 DEN,DET,CHO,LAC,PHO C 21.20
47%
862 RJ Nembhard Jr. 47 CLE SG 3.36
47%
179 Caleb Martin 5592 CHO,MIA,PHI SF 16.84
46%
288 Cody Martin 3530 CHO SF 15.76
46%
129 Gordon Hayward 7311 BOS,CHO,OKC SF 28.34
46%
735 Jeremiah Martin 187 BRK,CLE PG 8.90
46%
515 Kelan Martin 971 MIN,IND,BOS SF 9.91
46%
100 Kelly Oubre Jr. 8480 PHO,GSW,CHO,PHI SF 25.93
46%
236 KJ Martin 4511 HOU,LAC,PHI SF,PF 16.17
46%
152 Terance Mann 6420 LAC SF,SG 15.70
46%
309 Tre Mann 3228 OKC,CHO PG 17.74
46%
836 Tyrese Martin 66 ATL,BRK SG 3.14
46%
384 Dyson Daniels 2249 NOP,ATL PG,SG 15.95
44%
138 Luguentz Dort 6899 OKC SF,SG 21.10
44%
169 Max Strus 5973 CHI,MIA,CLE SF 18.90
44%
229 Patty Mills 4732 SAS,BRK,ATL,MIA,UTA PG,SG 15.41
44%
658 Troy Daniels 323 DEN,LAL SG 6.09
44%
260 Aaron Nesmith 4105 BOS,IND SF 14.25
43%
452 Cason Wallace 1445 OKC SG 13.26
43%
238 Derrick Rose 4486 DET,NYK,MEM PG 24.51
43%
774 Keaton Wallace 134 ATL PG 11.17
43%
130 Malik Beasley 7291 DEN,MIN,LAL,UTA,MIL,DET SG 19.44
43%
398 Marc Gasol 2018 TOR,LAL C 18.02
43%
326 Nick Richards 2969 CHO PF,C 14.41
43%
637 Stephon Castle 373 SAS PG 21.94
43%
777 Tyrone Wallace 127 ATL,NOP SG 6.35
43%
202 Jaden Ivey 5083 DET SG 30.08
42%
158 Jae Crowder 6244 MEM,MIA,PHO,MIL SF,PF 19.27
42%
393 Brandin Podziemski 2055 GSW SG 22.58
41%
407 DeMarcus Cousins 1905 HOU,LAC,DEN,MIL C 18.86
41%
835 Elijah Bryant 66 MIL SG 5.50
41%
219 Jarred Vanderbilt 4834 DEN,MIN,LAL,UTA PF 17.26
41%
286 Kris Dunn 3582 CHI,ATL,POR,UTA,LAC PG 19.79
41%
104 Royce O'Neale 8373 UTA,BRK,PHO SF 19.84
41%
742 Ryan Dunn 182 PHO SF 12.13
41%
134 Saddiq Bey 7119 DET,ATL SF 23.81
41%
298 Thomas Bryant 3358 WAS,DEN,LAL,MIA C 17.58
41%
868 Tyler Bey 44 DAL SF 2.44
41%
668 Zach Edey 301 MEM C 21.50
41%
645 Alex Sarr 354 WAS C 23.60
40%
611 Olivier Sarr 467 OKC C 10.15
40%
322 Paul Reed 3014 PHI,DET PF,C 11.77
40%
310 Victor Oladipo 3227 IND,HOU,MIA SG 26.02
40%
347 Christian Braun 2645 DEN SG 12.90
39%
564 Davon Reed 669 DEN,LAL SG 7.35
39%
472 Gradey Dick 1270 TOR SG 16.49
39%
147 Joe Ingles 6552 UTA,MIL,ORL,MIN PF,SF 19.56
39%
387 Scoot Henderson 2181 POR PG 28.32
39%
315 Isaiah Joe 3151 PHI,OKC SG 11.06
38%
189 Nicolas Batum 5430 CHO,LAC,PHI SF,PF 16.07
38%
329 Paul Millsap 2924 DEN,BRK,PHI PF,C 17.30
38%
252 Trey Murphy III 4273 NOP SF 19.51
38%
314 Walker Kessler 3193 UTA C 21.57
38%
395 Day'Ron Sharpe 2030 BRK PF,C 14.10
37%
215 Isaac Okoro 4849 CLE SG,SF 15.44
37%
192 Isaiah Stewart 5259 DET C,PF 20.70
37%
370 Shaedon Sharpe 2435 POR SG 19.96
37%
390 Andre Iguodala 2075 MIA,GSW SF,PF 13.39
36%
394 Bol Bol 2048 DEN,ORL,PHO PF 11.38
36%
116 Christian Wood 7917 DET,HOU,DAL,LAL PF,C 27.49
36%
300 George Hill 3308 MIL,OKC,PHI,IND PG,SG 15.31
36%
474 Jabari Parker 1238 ATL,SAC,BOS PF 18.48
36%
292 Jeremy Sochan 3410 SAS PF 24.89
36%
416 JJ Redick 1843 NOP,DAL SG 17.72
36%
161 Josh Richardson 6154 PHI,DAL,BOS,SAS,NOP,MIA SG 19.98
36%
510 Keon Ellis 992 SAC SG 10.78
36%
193 Luke Kennard 5244 DET,LAC,MEM SG 18.15
36%
768 Malcolm Hill 141 ATL,CHI SG,SF 5.88
36%
222 Maxi Kleber 4817 DAL PF,C 15.24
36%
473 Nikola Jovic 1258 MIA PF 14.13
36%
332 Quentin Grimes 2852 NYK,DET,DAL SG 14.78
36%
316 Rajon Rondo 3145 LAL,ATL,LAC,CLE PG 19.29
36%
435 Solomon Hill 1625 MEM,MIA,ATL PF,SF 9.91
36%
178 Taurean Prince 5720 BRK,CLE,MIN,LAL,MIL PF,SF 16.73
36%
263 Damion Lee 3977 GSW,PHO SG 14.68
35%
113 Kelly Olynyk 8027 MIA,HOU,DET,UTA,TOR C,PF 23.61
35%
418 Saben Lee 1836 DET,PHI,PHO PG 13.70
35%
342 Sam Hauser 2700 BOS SF,PF 11.20
35%
736 Courtney Lee 187 DAL SG 7.79
34%
383 Moses Moody 2252 GSW SG 10.05
34%
211 Onyeka Okongwu 4889 ATL C 17.40
34%
488 Scotty Pippen Jr. 1131 LAL,MEM PG 25.13
34%
426 Avery Bradley 1744 LAL,HOU,MIA SG 12.64
33%
444 Bilal Coulibaly 1500 WAS SF 19.48
33%
164 Chris Boucher 6124 TOR C,SF,PF 17.01
33%
140 De'Anthony Melton 6808 MEM,PHI,GSW PG,SG 20.26
33%
174 Evan Fournier 5845 ORL,BOS,NYK,DET SF,SG 22.66
33%
381 Jeff Teague 2300 ATL,MIN,BOS,MIL PG 17.69
33%
306 Jose Alvarado 3244 NOP PG 16.55
33%
294 LaMarcus Aldridge 3392 SAS,BRK C 26.92
33%
167 Pat Connaughton 6043 MIL SG,SF 14.88
33%
176 Ricky Rubio 5777 PHO,MIN,CLE PG 28.46
33%
417 Tony Bradley 1837 UTA,OKC,PHI,CHI C 10.50
33%
333 Wesley Matthews 2848 MIL,LAL,ATL SG,SF 9.69
33%
269 Bennedict Mathurin 3849 IND SG,SF 24.67
32%
204 Goran Dragic 5042 MIA,BRK,TOR,CHI,MIL PG 23.34
32%
359 Luke Kornet 2508 CHI,BOS,CLE,MIL C 9.61
32%
503 Max Christie 1019 LAL SG 7.66
32%
543 Ben Sheppard 811 IND SG 9.22
31%
171 Cameron Payne 5940 PHO,MIL,PHI,NYK SG,PG 18.98
31%
891 Jacob Toppin 35 NYK SF 2.50
31%
256 JaVale McGee 4151 LAL,CLE,DEN,PHO,DAL,SAC C 13.52
31%
549 Kyle Korver 758 MIL SF 11.15
31%
225 Obi Toppin 4788 NYK,IND PF 14.34
31%
750 Reed Sheppard 164 HOU SG 9.11
31%
283 Santi Aldama 3607 MEM PF 18.59
31%
649 Zaccharie Risacher 349 ATL SF 19.39
31%
321 Alex Len 3053 ATL,SAC,TOR,WAS C 11.65
30%
857 Amile Jefferson 50 ORL PF 2.78
30%
311 Cody Zeller 3226 CHO,POR,MIA,NOP C 15.07
30%
530 Dalen Terry 872 CHI SG 7.45
30%
456 Dante Exum 1405 CLE,UTA,DAL SG,PG 12.01
30%
934 Emanuel Terry 20 PHO PF 6.67
30%
397 Jaime Jaquez Jr. 2025 MIA SF 22.25
30%
648 Jaylen Wells 350 MEM SG 19.44
30%
388 Jonathan Isaac 2145 ORL PF 17.02
30%
187 Larry Nance Jr. 5456 CLE,NOP,POR,ATL PF,C 19.08
30%
979 Pete Nance 7 CLE PF 0.88
30%
492 Rondae Hollis-Jefferson 1120 TOR,POR PF 13.83
30%
257 Rudy Gay 4144 SAS,UTA PF 17.12
30%
346 Taj Gibson 2648 NYK,WAS,DET,CHO C,PF 10.94
30%
335 T.J. Warren 2816 IND,BRK,PHO,MIN SF,PF 20.55
30%
982 Tyler Zeller 6 SAS C 3.00
30%
886 Tyrell Terry 36 DAL,MEM PG 2.77
30%
285 Xavier Tillman Sr. 3604 MEM,BOS PF,C 13.45
30%
128 Alec Burks 7335 GSW,PHI,NYK,DET,MIA SF,SG 21.90
29%
132 Devonte' Graham 7212 CHO,NOP,SAS PG 24.12
29%
261 Josh Okogie 4033 MIN,PHO SG 12.37
29%
241 Marvin Bagley III 4371 SAC,DET,WAS C,PF 21.32
29%
231 Mo Bamba 4685 ORL,LAL,PHI,LAC C 15.99
29%
280 Serge Ibaka 3673 TOR,LAC,MIL C 19.85
29%
598 Treveon Graham 513 ATL,MIN SF 9.33
29%
338 Ty Jerome 2755 PHO,OKC,GSW,CLE SG 15.56
29%
809 Andre Roberson 92 OKC,BRK SF,SG 7.08
28%
196 Ayo Dosunmu 5182 CHI SG 19.93
28%
244 Dario Saric 4310 PHO,OKC,GSW,DEN PF,C 16.39
28%
554 D.J. Wilson 731 MIL,HOU,TOR,PHI PF 9.37
28%
183 Georges Niang 5550 UTA,PHI,CLE PF 12.53
28%
375 Gorgui Dieng 2361 MEM,MIN,SAS,ATL C 12.97
28%
249 Hassan Whiteside 4276 POR,SAC,UTA C 23.76
28%
220 Jae'Sean Tate 4832 HOU SF,PF 19.17
28%
550 Jalen Wilson 755 BRK PF 12.38
28%
355 James Wiseman 2532 GSW,DET,IND C 17.11
28%
455 Kira Lewis Jr. 1406 NOP,TOR,UTA PG 10.65
28%
184 Markelle Fultz 5483 ORL PG 25.74
28%
903 Maxwell Lewis 30 LAL SF 0.79
28%
389 Miles McBride 2115 NYK PG 10.32
28%
255 Naji Marshall 4196 NOP,DAL SF 16.02
28%
646 Paul Watson 353 ATL,TOR,OKC SF 7.35
28%
440 Peyton Watson 1576 DEN SG,SF 11.76
28%
999 Scottie Lewis 4 CHO SG 2.00
28%
194 Shake Milton 5239 PHI,DET,MIN,NYK,BRK SG 15.69
28%
363 Tari Eason 2473 HOU PF,SF 20.27
28%
764 Udonis Haslem 144 MIA C 5.33
28%
195 Eric Bledsoe 5183 MIL,NOP,LAC PG,SG 26.58
27%
895 Kel'el Ware 33 MIA C 4.13
27%
259 Kendrick Nunn 4123 MIA,LAL,WAS PG,SG 19.45
27%
419 Trevor Ariza 1821 POR,SAC,MIA,LAL SF 16.41
27%
278 Cam Reddish 3727 ATL,NYK,POR,LAL SF 15.79
26%
208 Daniel Theis 4979 BOS,CHI,HOU,IND,LAC,NOP C 17.11
26%
308 Garrett Temple 3230 BRK,CHI,NOP,TOR SG 13.46
26%
159 Patrick Beverley 6168 LAC,MIN,CHI,LAL,MIL,PHI PG,SG 18.92
26%
239 Richaun Holmes 4438 SAC,DAL,WAS C,PF 18.97
26%
467 Anthony Gill 1315 WAS PF 6.74
25%
305 Bones Hyland 3251 DEN,LAC SG,PG 17.96
25%
837 Chris Livingston 65 MIL SF 2.60
25%
214 Cory Joseph 4865 SAC,DET,GSW,ORL PG 16.27
25%
312 Goga Bitadze 3215 IND,ORL C 12.00
25%
663 Guerschon Yabusele 305 PHI PF 19.06
25%
955 Jamal Crawford 11 BRK SG 11.00
25%
631 Jared McCain 400 PHI SG 25.00
25%
667 McKinley Wright IV 301 MIN,DAL PG 9.41
25%
949 Moses Wright 13 DAL,LAC PF 3.25
25%
233 Precious Achiuwa 4598 MIA,TOR,NYK PF,C 16.30
25%
535 Shaquille Harrison 861 CHI,DEN,UTA,BRK,POR,LAL,MEM SG 8.28
25%
224 Terrence Ross 4789 ORL,PHO SG 19.00
25%
207 Torrey Craig 5002 DEN,MIL,PHO,IND,CHI SF,PF 12.96
25%
216 Trey Lyles 4847 SAS,DET,SAC PF 15.15
25%
253 Corey Kispert 4253 WAS SF 17.29
24%
676 Dalton Knecht 271 LAL SF 16.94
24%
166 Delon Wright 6058 DAL,DET,SAC,ATL,WAS,MIA,MIL PG,SG 17.77
24%
819 Jared Harper 81 PHO,NYK,NOP PG 5.06
24%
778 Matas Buzelis 127 CHI SF 7.47
24%
555 Neemias Queta 723 SAC,BOS C 10.79
24%
168 Robert Covington 5978 HOU,MIN,POR,LAC,PHI C,PF,SF 19.28
24%
882 Ron Harper Jr. 38 TOR PF 3.80
24%
210 Doug McDermott 4931 IND,SAS,SAC PF,SF 14.33
23%
391 Ochai Agbaji 2072 UTA,TOR SG 13.37
23%
830 Sean McDermott 71 MEM SF 3.94
23%
678 Donovan Clingan 269 POR C 15.82
22%
411 Haywood Highsmith 1879 MIA SF,PF 10.21
22%
408 Jaden Hardy 1892 DAL SG 12.05
22%
251 Landry Shamet 4274 LAC,BRK,PHO,WAS SG 13.53
22%
458 Sam Merrill 1353 MIL,MEM,CLE SG 10.10
22%
341 Derrick Favors 2701 NOP,UTA,OKC C 15.98
21%
237 Drew Eubanks 4495 SAS,POR,PHO,UTA C 14.18
21%
466 Jericho Sims 1317 NYK PF,C 8.23
21%
436 Julian Champagnie 1620 PHI,SAS SF 15.00
21%
624 Justin Champagnie 420 TOR,BOS,WAS SF 6.77
21%
485 Lindy Waters III 1146 OKC,GSW SG 9.24
21%
349 Nerlens Noel 2623 OKC,NYK,BRK,DET C 14.65
21%
406 Simone Fontecchio 1913 UTA,DET SF 14.17
21%
629 Tremont Waters 401 BOS,TOR,WAS PG 8.91
21%
162 Will Barton 6138 DEN,TOR,WAS SF,SG 24.55
21%
325 Amir Coffey 2970 LAC SG,SF 10.17
20%
307 Austin Rivers 3238 HOU,DEN,NYK,MIN SG 12.70
20%
620 Brandon Knight 432 CLE,DET,DAL SG,PG 14.40
20%
172 Cedi Osman 5879 CLE,SAS SF 17.04
20%
789 C.J. Miles 114 WAS,BOS SF,SG 10.36
20%
191 Danilo Gallinari 5336 OKC,ATL,DET,MIL,WAS PF,SF 20.29
20%
950 Darren Collison 13 LAL PG 4.33
20%
685 Jacob Evans 254 GSW,MIN SG 8.76
20%
832 Jalen Hood-Schifino 68 LAL SG 2.96
20%
863 Joakim Noah 46 LAC C 6.57
20%
531 Lance Stephenson 869 ATL,IND SG,PG 18.89
20%
523 MarJon Beauchamp 910 MIL SF 7.84
20%
165 Montrezl Harrell 6108 LAC,LAL,CHO,WAS,PHI C 21.74
20%
548 Nathan Knight 771 ATL,MIN PF,C 6.53
20%
540 Ousmane Dieng 829 OKC PF,SF 8.91
20%
715 Ryan Rollins 216 GSW,MIL,WAS PG 6.35
20%
441 Toumani Camara 1517 POR PF 17.24
20%
704 Tristan Da Silva 233 ORL SF 15.53
20%
652 Yves Missi 335 NOP C 19.71
20%
275 Davis Bertans 3787 WAS,DAL,CHO,OKC PF 13.57
19%
623 Jay Huff 429 LAL,WAS,DEN,MEM C 8.76
19%
692 Kennedy Chandler 249 MEM PG 6.92
19%
266 Matisse Thybulle 3937 PHI,POR SG,SF 11.03
19%
477 Rodney Hood 1210 POR,TOR,LAC,MIL SF,PF 9.45
19%
779 Tyson Chandler 126 HOU C 4.67
19%
490 Vasilije Micic 1121 CHO,OKC PG 16.98
19%
615 Wilson Chandler 456 BRK PF 13.03
19%
491 E'Twaun Moore 1120 NOP,PHO SG 12.44
18%
741 Gui Santos 182 GSW PF 6.07
18%
557 Jahlil Okafor 721 NOP,DET C 12.65
18%
909 Ja'Kobe Walter 28 TOR SG 7.00
18%
405 Jeremiah Robinson-Earl 1918 OKC,NOP C,PF 12.70
18%
501 Jordan Hawkins 1050 NOP SG 13.13
18%
542 Luka Garza 819 DET,MIN C,PF 8.53
18%
240 Reggie Bullock 4427 NYK,DAL,HOU SG,SF 14.42
18%
856 Rob Dillingham 51 MIN PG 5.67
18%
850 Taze Moore 56 POR SG 9.33
18%
682 Wendell Moore Jr. 261 MIN,DET SG 3.73
18%
330 Aleksej Pokusevski 2915 OKC,CHO PF 17.35
17%
281 Bismack Biyombo 3663 CHO,PHO,MEM,OKC C 13.37
17%
459 Blake Wesley 1351 SAS SG 11.96
17%
299 Danuel House Jr. 3332 HOU,NYK,UTA,PHI SF 13.17
17%
289 Furkan Korkmaz 3528 PHI SG 12.00
17%
720 Greg Monroe 212 MIL,MIN,UTA,WAS C 13.25
17%
806 Hunter Tyson 95 DEN PF 2.97
17%
776 Iman Shumpert 130 BRK SF,SG 8.67
17%
782 Isaiah Collier 119 UTA PG 13.22
17%
699 Jared Dudley 240 LAL PF 3.53
17%
843 Jaylon Tyson 60 CLE SG 7.50
17%
382 Jock Landale 2278 SAS,PHO,HOU C 11.45
17%
290 John Konchar 3501 MEM SG,SF 12.33
17%
483 JT Thor 1159 CHO,CLE PF 6.94
17%
380 Kevin Knox 2312 NYK,ATL,DET,POR SF,PF 9.84
17%
361 Malachi Flynn 2501 TOR,DET,NYK PG 11.42
17%
356 Malaki Branham 2523 SAS SG,PG 16.17
17%
617 Moussa Diabate 442 LAC,CHO C,PF 8.84
17%
992 Stanton Kidd 5 UTA SG 1.25
17%
343 Trendon Watford 2678 POR,BRK SF,PF 15.04
17%
484 Anthony Lamb 1148 HOU,SAS,GSW SF 12.21
16%
450 Boban Marjanovic 1465 DAL,HOU C 9.27
16%
242 Darius Bazley 4344 OKC,PHO,PHI,UTA PF,C 17.80
16%
844 Devon Hall 58 OKC PG 5.27
16%
728 Dion Waiters 203 LAL,MIA SG 13.53
16%
673 Donta Hall 280 BRK,DET,ORL C,PF 11.20
16%
511 Ersan Ilyasova 989 MIL,UTA PF 11.77
16%
331 Garrison Mathews 2908 WAS,HOU,ATL SG 10.06
16%
468 Jake LaRavia 1308 MEM PF 14.86
16%
362 Jeremy Lamb 2482 IND,SAC SG,SF 17.99
16%
840 Jordan Hall 63 SAS SF 7.00
16%
796 Jordan Walsh 105 BOS SF,PF 4.04
16%
726 Josh Hall 206 OKC SF 9.81
16%
432 Maurice Harkless 1673 LAC,NYK,MIA,SAC PF,SF 11.46
16%
430 Trey Burke 1695 DAL,PHI PG 10.94
16%
874 Vic Law 41 ORL PF 4.56
16%
640 Carlton Carrington 366 WAS PG 24.40
15%
471 Mike Scott 1278 PHI PF 9.98
15%
733 Ron Holland 191 DET SF 10.05
15%
962 Tre Scott 10 CLE SF 5.00
15%
907 Adem Bona 29 PHI PF 2.64
14%
461 Brandon Goodwin 1346 ATL,CLE PG 11.50
14%
968 Cam Spencer 9 MEM SG 4.50
14%
519 Cam Whitmore 940 HOU SF 17.09
14%
896 Chandler Parsons 32 ATL PF 6.40
14%
374 Chris Duarte 2373 IND,SAC,CHI SG,SF 14.13
14%
413 David Roddy 1869 MEM,PHO,ATL PF 12.06
14%
717 Derrick Walton 212 DET,LAC PG 7.31
14%
295 Enes Freedom 3380 BOS,POR C 18.67
14%
401 Frank Ntilikina 1980 NYK,DAL,CHO PG,SG 9.21
14%
708 Jamal Shead 228 TOR PG 12.67
14%
600 J.J. Barea 509 DAL PG 16.97
14%
396 Jordan Goodwin 2030 WAS,MEM,PHO SG,PG 16.78
14%
464 Marcus Sasser 1334 DET PG 16.27
14%
345 Mike Muscala 2667 OKC,BOS,DET,WAS C 10.71
14%
612 Noah Clowney 467 BRK PF 12.29
14%
573 Patrick Baldwin Jr. 613 GSW,WAS SF 7.57
14%
921 Pat Spencer 24 GSW PG 2.67
14%
711 Tacko Fall 221 BOS,CLE C 5.53
14%
428 Zeke Nnaji 1702 DEN PF 7.74
14%
446 Brandon Boston Jr. 1485 LAC,NOP SG,SF 11.98
13%
618 Cheick Diallo 441 PHO,DET C 8.82
13%
592 Christian Koloko 541 TOR,LAL C 8.20
13%
724 Frank Mason III 208 MIL,ORL PG 13.87
13%
983 George M. King 6 DAL SF 1.50
13%
272 Hamidou Diallo 3819 OKC,DET,WAS SF,SG 17.60
13%
669 Julian Phillips 298 CHI SF 5.23
13%
353 Kent Bazemore 2564 POR,SAC,GSW,LAL SF 14.57
13%
981 KJ Simpson 7 CHO PG 3.50
13%
712 Kobe Bufkin 221 ATL SG 10.52
13%
386 Lamar Stevens 2187 CLE,BOS,MEM PF,SF 10.62
13%
700 Louis King 239 DET,SAC,PHI SF,PF 8.85
13%
670 Olivier-Maxence Prosper 293 DAL PF 5.53
13%
807 Pelle Larsson 95 MIA SG 10.56
13%
590 Quinn Cook 545 LAL,CLE PG 7.47
13%
610 Tyler Cook 473 CLE,DEN,BRK,DET,CHI PF,SF 7.17
13%
425 Willie Cauley-Stein 1751 DAL,GSW,PHI C 13.17
13%
683 Zavier Simpson 256 OKC,MEM PG 23.27
13%
651 A.J. Lawson 337 DAL,MIN SG 5.03
12%
437 Aron Baynes 1616 PHO,TOR C 17.01
12%
604 Chris Silva 492 MIA,SAC,MIN,DAL PF 7.03
12%
340 Chuma Okeke 2708 ORL PF,SF 14.18
12%
746 Collin Gillespie 178 DEN,PHO PG 7.12
12%
718 DeMarre Carroll 212 HOU,SAS C,SF 8.15
12%
379 Facundo Campazzo 2328 DEN,DAL PG 15.32
12%
650 Freddie Gillespie 338 TOR,ORL PF 11.66
12%
567 Julian Strawther 648 DEN SF,SG 9.39
12%
702 Kyle Filipowski 238 UTA C 17.00
12%
655 Kyle Guy 332 SAC,MIA SG,PG 6.26
12%
827 Mac McClung 73 CHI,LAL,PHI,ORL PG,SG 14.60
12%
957 Paris Bass 11 PHO SF 5.50
12%
439 PJ Dozier 1577 DEN,SAC,MIN SG,SF 11.95
12%
926 Sharife Cooper 22 ATL PG 1.69
12%
532 Terry Taylor 869 IND,CHI PF 9.15
12%
759 Tidjane Salaun 149 CHO PF 9.93
12%
825 Tyler Kolek 75 NYK PG 6.25
12%
445 Wayne Ellington 1493 NYK,DET,LAL SG 11.94
12%
344 Ben McLemore 2676 HOU,LAL,POR SF,SG 13.18
11%
494 Duop Reath 1099 POR C 14.09
11%
541 Emmanuel Mudiay 823 UTA,SAC PG 13.95
11%
754 Jamison Battle 157 TOR SF 9.24
11%
697 Jonathan Mogbo 246 TOR PF 13.67
11%
574 Marco Belinelli 611 SAS SG 10.72
11%
734 Micah Potter 190 DET,UTA C,PF 7.31
11%
287 Nemanja Bjelica 3580 SAC,MIA,GSW PF,C 18.17
11%
284 Tomas Satoransky 3604 CHI,NOP,SAS,WAS SG,SF,PG 20.25
11%
752 Tristan Vukcevic 159 WAS C 15.90
11%
581 Brice Sensabaugh 573 UTA SF 13.64
10%
929 Corey Brewer 21 SAC PF 4.20
10%
385 Dalano Banton 2199 TOR,BOS,POR PG 13.01
10%
327 D.J. Augustin 2948 ORL,HOU,MIL,LAL PG 16.94
10%
569 Dominick Barlow 645 SAS,ATL PF,SF 10.24
10%
369 Isaiah Roby 2442 OKC,SAS PF 16.17
10%
609 Jamal Cain 474 MIA,NOP PF,SF 8.46
10%
672 Jordan Bell 282 MEM,MIN,GSW,WAS,CHI C 7.83
10%
517 Matthew Dellavedova 964 CLE,SAC PG 9.45
10%
621 Matt Ryan 430 BOS,LAL,MIN,NOP,NYK SF 6.23
10%
525 Patrick Patterson 905 LAC PF 9.14
10%
304 Raul Neto 3272 PHI,WAS,CLE PG 13.25
10%
449 Sandro Mamukelashvili 1468 MIL,SAS PF,C 10.27
10%
960 Terrence Shannon Jr. 11 MIN SG 2.75
10%
505 Vlatko Cancar 1014 DEN PF 6.95
10%
593 Al-Farouq Aminu 535 ORL,CHI PF 13.05
9%
954 Baylor Scheierman 12 BOS SG 3.00
9%
392 Bruno Fernando 2055 ATL,BOS,HOU,TOR C 9.22
9%
544 Caleb Houstan 806 ORL SF 6.50
9%
507 Charles Bassey 1006 PHI,SAS C 11.30
9%
454 Denzel Valentine 1429 CHI,CLE,UTA SF,SG 11.71
9%
822 Emoni Bates 78 CLE SF 5.20
9%
412 Frank Kaminsky 1876 PHO,ATL,HOU C 13.30
9%
716 Gabriel Deck 215 OKC PF 12.65
9%
502 Isaac Bonga 1028 WAS,TOR SF 8.09
9%
594 Jaden Springer 522 PHI,BOS SG,PG 6.14
9%
576 JaKarr Sampson 592 IND PF 8.71
9%
792 Jalen Pickett 110 DEN SG 3.44
9%
797 Jamorko Pickett 103 DET PF 7.92
9%
1000 JaQuori McLaughlin 4 DAL PG 1.00
9%
794 JD Davison 109 BOS SG,PG 4.74
9%
865 Johnny Furphy 46 IND SG 5.11
9%
293 Jordan McLaughlin 3404 MIN,SAC PG 12.56
9%
559 Joshua Primo 696 SAS,LAC SF,SG 12.21
9%
404 Juancho Hernangomez 1919 DEN,MIN,BOS,SAS,UTA,TOR PF 10.21
9%
400 Justise Winslow 2005 MIA,MEM,LAC,POR SG,SF,PF 17.43
9%
438 Marquese Chriss 1613 GSW,DAL PF 15.66
9%
731 Michael Kidd-Gilchrist 191 CHO,DAL PF 6.16
9%
323 Oshae Brissett 2999 TOR,IND,BOS SF,PF 12.55
9%
870 Pacome Dadiet 43 NYK SG 4.30
9%
608 Patrick McCaw 475 TOR SF 11.31
9%
602 Rayan Rupert 494 POR SG 8.98
9%
570 Taylor Hendricks 641 UTA PF 14.91
9%
565 Thon Maker 660 DET,CLE C 9.71
9%
698 Trevelin Queen 241 HOU,IND,ORL SG 7.30
9%
520 Usman Garuba 938 HOU,GSW PF,C 8.85
9%
526 Vit Krejci 894 OKC,ATL SG,PG 10.16
9%
442 Wenyen Gabriel 1512 POR,SAC,NOP,BRK,LAC,LAL,MEM PF,C 9.11
9%
339 Willy Hernangomez 2742 CHO,NOP C 16.42
9%
922 Yuki Kawamura 24 MEM PG 2.40
9%
427 Yuta Watanabe 1727 MEM,TOR,BRK,PHO SF 8.51
9%
627 DaQuan Jeffries 403 SAC,HOU,MEM,NYK SG 5.76
8%
373 Dewayne Dedmon 2395 ATL,SAC,MIA,PHI C 13.02
8%
351 Eric Paschall 2581 GSW,UTA PF 15.93
8%
313 Jaylen Nowell 3209 MIN,DET,MEM,NOP SG 15.07
8%
586 John Henson 557 CLE,DET C 13.93
8%
707 Josh Minott 228 MIN SF 3.74
8%
619 Kenneth Lofton Jr. 441 MEM,PHI,UTA PF 9.00
8%
551 Luka Samanic 742 SAS,UTA PF 8.63
8%
568 Mario Hezonja 647 POR PF 10.97
8%
967 Markquis Nowell 9 TOR SG 9.00
8%
821 Mouhamadou Gueye 80 TOR PF 7.27
8%
834 Mouhamed Gueye 67 ATL PF 7.44
8%
465 Romeo Langford 1330 BOS,SAS SG 8.69
8%
894 Aleem Ford 34 ORL SF 6.80
7%
653 Allen Crabbe 334 ATL,MIN SG,SF 9.03
7%
859 Amari Bailey 49 CHO PG 4.90
7%
737 Ante Zizic 186 CLE C 8.45
7%
885 Ariel Hukporti 37 NYK C 5.29
7%
302 Bryn Forbes 3306 SAS,MIL,DEN,MIN SG 12.81
7%
328 Chimezie Metu 2940 SAS,SAC,DET,PHO C,PF 12.56
7%
944 Dariq Whitehead 15 BRK SF 5.00
7%
690 Dragan Bender 249 GSW,MIL PF,C 15.56
7%
927 Drew Peterson 22 BOS PF 3.67
7%
876 Enrique Freeman 41 IND PF 4.10
7%
601 Johnny Juzang 502 UTA SG 10.04
7%
936 Jordan Ford 18 SAC PG 3.00
7%
940 Karlo Matkovic 17 NOP PF 4.25
7%
324 Keita Bates-Diop 2985 DEN,MIN,SAS,BRK,PHO SF,PF 11.53
7%
357 Nassir Little 2522 POR,PHO PF,SF 10.34
7%
879 Naz Mitrou-Long 39 IND SG 7.80
7%
622 Noah Vonleh 429 DEN,MIN,BRK,BOS C 6.70
7%
787 Oso Ighodaro 116 PHO PF 10.55
7%
376 R.J. Hampton 2357 DEN,ORL,DET,MIA SG,PG 13.86
7%
786 Sidy Cissoko 116 SAS SF 6.11
7%
320 Svi Mykhailiuk 3062 DET,OKC,TOR,CHO,NYK,BOS,UTA SF 11.60
7%
614 Terrance Ferguson 461 OKC,PHI SF,SG 6.32
7%
423 Tony Snell 1777 DET,ATL,NOP,POR SF,SG 10.51
7%
989 Branden Carlson 6 OKC C 6.00
6%
878 Dexter Dennis 40 DAL SG 10.00
6%
429 Dwayne Bacon 1701 CHO,ORL SG 15.32
6%
334 Jordan Nwora 2835 MIL,IND,TOR SF 12.95
6%
422 Josh Christopher 1788 HOU SG 12.96
6%
634 Reggie Perry 394 BRK,IND,POR PF 9.61
6%
319 Theo Maledon 3063 OKC,CHO,PHO PG 17.31
6%
508 Bryce McGowens 1005 CHO SG 9.57
5%
528 Daishen Nix 878 HOU,MIN SG,PG 9.15
5%
664 Elijah Hughes 304 UTA,POR SF,SG 5.63
5%
496 Harry Giles 1090 SAC,POR,BRK,LAL C 10.09
5%
560 James Bouknight 691 CHO SG 8.75
5%
415 Jarrett Culver 1854 MIN,MEM,ATL SG,SF 12.61
5%
644 Lester Quinones 354 GSW,PHI SG 7.87
5%
626 Mamadi Diakite 405 MIL,OKC,CLE,NYK,SAS PF,C 6.14
5%
845 Marcus Garrett 58 MIA SG 4.83
5%
788 Melvin Frazier 115 ORL,OKC SG 5.23
5%
851 Michael Frazier 54 HOU SG 3.18
5%
858 Nik Stauskas 50 BOS,MIA SG 2.38
5%
457 Omer Yurtseven 1364 MIA,UTA C 10.49
5%
657 Ricky Council IV 324 PHI SG 7.20
5%
500 Ryan Arcidiacono 1060 CHI,NYK,POR PG 6.97
5%
475 Semi Ojeleye 1223 BOS,LAC,MIL PF 7.15
5%
463 Shabazz Napier 1340 MIN,WAS PG 23.93
5%
596 Tim Frazier 515 DET,MEM,CLE,ORL PG 11.70
5%
605 Trey Jemison 487 MEM,WAS,NOP C 13.53
5%
691 Xavier Moon 249 LAC SG 8.89
5%
994 Aaron Henry 5 PHI SF 0.83
4%
518 Abdel Nader 949 OKC,PHO SF 9.40
4%
905 Adam Flagler 30 OKC SG 2.73
4%
875 Anderson Varejao 41 CLE C 8.20
4%
597 Anthony Tolliver 515 MEM,POR,SAC,PHI PF 7.57
4%
932 Brian Bowen 20 IND SF 1.67
4%
694 Bruno Caboclo 247 HOU,MEM C,PF 6.50
4%
748 Cassius Stanley 169 IND,DET SG 4.83
4%
852 Colin Castleton 54 LAL,MEM C 2.45
4%
666 Cristiano Felicio 303 CHI C 7.58
4%
478 David Nwaba 1197 BRK,HOU SF 12.47
4%
399 DeAndre' Bembry 2014 ATL,TOR,BRK,MIL SG,SF 13.43
4%
719 Deonte Burton 212 OKC,SAC SF,PF 5.05
4%
916 E.J. Liddell 25 NOP,CHI PF 2.08
4%
861 Henry Ellenson 47 BRK,TOR C,PF 6.71
4%
579 Ignas Brazdeikis 577 NYK,ORL,PHI SF 9.02
4%
495 Isaiah Livers 1097 DET SF,PF 11.67
4%
693 Jahmi'us Ramsey 248 SAC,TOR SG 6.36
4%
529 Jake Layman 873 MIN SF 8.56
4%
431 James Ennis III 1690 ORL,PHI,BRK,DEN,LAC SG,SF 13.85
4%
577 Jaylen Hoard 587 POR,OKC PF,SF 13.98
4%
630 Jeff Dowtin 400 GSW,MIL,ORL,TOR,PHI PG 7.41
4%
970 Josh Gray 8 NOP PG 4.00
4%
705 Juwan Morgan 228 UTA,BOS,TOR PF 3.26
4%
352 Khem Birch 2565 ORL,TOR C 12.76
4%
453 Langston Galloway 1443 DET,PHO,BRK,MIL SG 12.55
4%
964 Luc Mbah a Moute 9 HOU PF 3.00
4%
841 Matthew Hurt 62 MEM PF 7.75
4%
656 Nico Mannion 326 GSW PG 10.87
4%
696 Norvel Pelle 247 PHI,BRK,NYK,SAC,UTA C 6.02
4%
552 Omari Spellman 740 GSW C 15.10
4%
814 RaiQuan Gray 84 BRK,SAS PF 21.00
4%
988 Reece Beekman 6 GSW PG 3.00
4%
572 Rodions Kurucs 615 BRK,HOU,MIL PF,SF 8.54
4%
451 Rodney McGruder 1452 LAC,DET SG 9.08
4%
607 Skal Labissiere 481 POR C 14.58
4%
971 Tariq Owens 8 PHO PF 2.67
4%
562 Theo Pinson 683 BRK,NYK,DAL SG,SF 6.27
4%
421 Timothe Luwawu-Cabarrot 1801 BRK,ATL SF 10.35
4%
713 T.J. Leaf 218 IND,POR PF 5.74
4%
470 Trent Forrest 1287 UTA,ATL PG,SG 8.30
4%
585 Udoka Azubuike 565 UTA,PHO C 6.65
4%
766 Vincent Poirier 143 BOS,PHI C 4.33
4%
582 Yogi Ferrell 569 SAC,CLE,LAC PG 8.25
4%
377 Brad Wanamaker 2346 BOS,CHO,GSW,IND,WAS PG 13.64
3%
703 Caleb Swanigan 237 POR,SAC PF,C 8.78
3%
783 Cameron Oliver 117 HOU,ATL SF 19.50
3%
516 Chris Chiozza 964 BRK,WAS,GSW PG 10.26
3%
482 Damyean Dotson 1164 NYK,CLE SG 12.13
3%
616 David Duke Jr. 450 BRK,SAS PG,SG 8.82
3%
758 Devon Dotson 149 CHI,WAS PG 5.32
3%
583 Elie Okobo 567 PHO PG 10.31
3%
688 Jarrell Brantley 252 UTA PF 5.60
3%
757 Jordan Bone 151 DET,ORL PG 6.29
3%
732 Justin Patton 191 OKC,HOU C 10.61
3%
599 KZ Okpala 513 MIA,SAC PF 5.13
3%
747 Leandro Bolmaro 172 MIN,UTA SF 3.51
3%
946 Malik Newman 13 CLE SG,PG 6.50
3%
639 Miye Oni 369 UTA SF,SG 4.10
3%
738 Quinndary Weatherspoon 184 SAS,GSW SG 4.38
3%
506 Sekou Doumbouya 1007 DET,LAL PF 10.49
3%
762 Sindarius Thornwell 146 NOP,ORL SF,SG 6.35
3%
504 Skylar Mays 1016 ATL,POR,LAL SG,PG 8.83
3%
675 Thabo Sefolosha 271 HOU PF 6.61
3%
996 Trevor Keels 5 NYK SG 1.67
3%
760 Vernon Carey Jr. 147 CHO,WAS C 3.87
3%
811 Adam Mokoka 87 CHI SF,SG 3.48
2%
539 Admiral Schofield 832 WAS,ORL PF,SF 6.35
2%
566 Alfonzo McKinnie 657 CLE,LAL,CHI SF 6.70
2%
701 Braxton Key 238 DET,PHI,DEN SF 7.00
2%
919 Cameron Reynolds 24 HOU,SAS SF 4.80
2%
780 Cassius Winston 120 WAS PG 3.75
2%
561 Chandler Hutchison 687 CHI,WAS,PHO SF 10.90
2%
812 Cole Swider 86 LAL,MIA,DET SF 3.31
2%
751 Daniel Oturu 159 LAC,TOR C 3.88
2%
804 Deividas Sirvydis 97 DET SG 4.22
2%
884 D.J. Carton 37 TOR SG 4.63
2%
553 Dylan Windler 738 CLE,ATL,LAL,NYK SF 7.31
2%
434 Edmond Sumner 1634 IND,BRK SG 11.43
2%
527 Eugene Omoruyi 888 DAL,DET,OKC,WAS SF 10.21
2%
563 Ian Mahinmi 674 WAS C 17.74
2%
536 Ish Wainright 851 PHO,POR PF,SF 6.60
2%
902 James Nunnally 30 NOP SF 3.33
2%
740 Jason Preston 183 LAC,UTA PG 8.32
2%
872 Jermaine Samuels 42 HOU SF 3.00
2%
709 Keljin Blevins 226 POR SF 4.52
2%
638 Killian Tillie 370 MEM C 6.85
2%
915 Luke Travers 26 CLE SG 5.20
2%
956 Matt Mooney 11 CLE,NYK SG 2.20
2%
558 Mychal Mulder 714 GSW,MIA,ORL SF,PG 8.30
2%
481 Nicolo Melli 1164 NOP,DAL C,PF 10.78
2%
826 Robert Franks 73 ORL PF 10.43
2%
635 Sasha Vezenkov 392 SAC PF 8.91
2%
818 Adama Sanogo 83 CHI PF,C 6.92
1%
745 Alen Smailagic 179 GSW C,PF 6.17
1%
695 Allonzo Trier 247 NYK SG 10.29
1%
892 Amida Brimah 34 IND C 4.86
1%
659 Anzejs Pasecniks 323 WAS C 11.54
1%
687 Ashton Hagans 253 MIN,POR PG 12.05
1%
871 Axel Toupane 42 MIL SF 3.50
1%
965 Cat Barber 9 ATL PG 3.00
1%
986 Chima Moneke 6 SAC SF 3.00
1%
521 CJ Elleby 928 POR SF 10.31
1%
805 Dakota Mathias 96 PHI,MEM SG 6.86
1%
920 Darius Days 24 HOU SF 6.00
1%
880 Dereon Seabron 39 NOP SG 3.55
1%
775 Devin Cannady 131 ORL PG 10.08
1%
722 Devontae Cacok 210 LAL,SAS C,PF 5.83
1%
889 Dewan Hernandez 35 TOR C 5.83
1%
813 Didi Louzada 85 NOP,POR SF,SG 7.08
1%
625 Dzanan Musa 406 BRK SF 9.44
1%
948 Eric Mika 13 SAC C 13.00
1%
1002 Filip Petrusev 4 PHI,SAC C 1.33
1%
839 Gabe York 63 IND SG 12.60
1%
867 Gabriel Lundberg 45 PHO SG 11.25
1%
765 Georgios Kalaitzakis 144 MIL,OKC SF 11.08
1%
899 Grant Riller 31 CHO PG 3.88
1%
784 Hassani Gravett 117 ORL PG 14.63
1%
913 Henri Drell 26 CHI SF 6.50
1%
773 Ibou Badji 134 POR C 6.09
1%
823 Isaiah Todd 76 WAS PF 4.22
1%
945 Jack McVeigh 15 HOU PF 2.50
1%
588 Jacob Gilyard 555 MEM,BRK PG 13.21
1%
901 Jalen Lecque 30 PHO,IND SG,PG 3.33
1%
931 Jalen Slawson 21 SAC SF 1.75
1%
802 Jamaree Bouyea 98 MIA,WAS,POR,SAS PG 7.00
1%
679 Jared Rhoden 268 DET,CHO SG 7.66
1%
978 Jarron Cumberland 7 POR SG 2.33
1%
749 Jay Scrubb 167 LAC,ORL SG 5.57
1%
1003 Jazian Gortman 4 DAL PG 1.33
1%
951 Joel Ayayi 13 WAS SG 1.86
1%
781 Joe Wieskamp 119 SAS,TOR SG,SF 3.13
1%
918 Jonah Bolden 24 PHI,PHO C 3.43
1%
993 Jon Teske 5 MEM C 1.67
1%
545 Jordan McRae 773 DEN,DET,WAS SG 20.89
1%
935 Jordan Schakel 20 WAS SG,SF 3.33
1%
897 Josh Magette 32 ORL PG 4.00
1%
770 Jules Bernard 136 WAS SG 7.16
1%
710 Justin Minaya 226 POR SF 5.79
1%
877 Justin Wright-Foreman 40 UTA PG 10.00
1%
890 Karim Mane 35 ORL PG 3.50
1%
641 Keifer Sykes 365 IND PG 11.41
1%
873 Kevin Hervey 41 OKC PF 4.10
1%
643 Kyle O'Quinn 354 PHI C 11.80
1%
939 Luca Vildoza 17 MIL PG 2.43
1%
980 Malevy Leons 7 OKC SF 1.17
1%
838 Malik Fitts 64 LAC,BOS,UTA PF 2.37
1%
642 Marko Guduric 356 MEM SG 8.09
1%
883 Marko Simonovic 37 CHI C 2.31
1%
793 Marques Bolden 109 CLE,CHO,MIL C 6.06
1%
671 Mfiondu Kabengele 289 LAC,CLE,BOS C,PF 5.25
1%
933 Nate Darling 20 CHO SG 2.50
1%
756 Nate Hinton 155 DAL,IND,HOU SG 4.08
1%
881 Nigel Williams-Goss 38 UTA PG 3.45
1%
767 Onuralp Bitim 143 CHI SG 6.22
1%
855 Oscar Tshiebwe 51 IND PF 5.67
1%
887 Petr Cornelie 36 DEN PF 2.77
1%
961 Ray Spalding 10 HOU C 5.00
1%
831 Robert Woodard II 69 SAC SF 2.76
1%
977 Scotty Hopson 7 OKC SG 7.00
1%
930 Seth Lundy 21 ATL SF 2.33
1%
966 Shaq Buchanan 9 MEM SG 4.50
1%
706 Stanley Umude 228 DET,MIL SG 7.60
1%
727 Tosan Evbuomwan 204 DET,MEM SF 12.00
1%
958 Tyler Dorsey 11 DAL SF 3.67
1%
973 Wayne Selden 8 NYK SG 2.67
1%
522 Wes Iwundu 914 ORL,DAL,NOP,ATL SF 9.05
1%
803 Xavier Cooks 98 WAS PF 9.80
1%
864 Xavier Sneed 46 MEM,UTA,CHO SF 3.54
1%
898 Yves Pons 32 MEM SF 2.67
1%
917 Zach Norvell 24 GSW,LAL SG 4.80
1%
906 Zylan Cheatham 29 NOP,UTA PF,SF 5.80
1%
924 Alex Fudge 23 DAL,LAL SF 3.83
0%
900 Antonius Cleveland 30 DAL SG 2.31
0%
817 Buddy Boeheim 83 DET SF 4.15
0%
888 Cameron McGriff 36 POR SF 12.00
0%
959 Chance Comanche 11 POR C 11.00
0%
677 Chris Clemons 269 HOU SG 7.69
0%
953 Craig Sword 12 WAS SG 4.00
0%
761 DeJon Jarreau 147 IND,MEM SG 14.70
0%
914 D'Moi Hodge 26 LAL SG 3.71
0%
947 Dusty Hannahs 13 MEM SG 6.50
0%
987 Izaiah Brockington 6 NOP PG 6.00
0%
911 Jarrod Uthoff 26 MEM,WAS PF 3.71
0%
662 Javon Freeman-Liberty 317 TOR PG 14.41
0%
866 Jeremy Pargo 45 GSW PG 15.00
0%
969 Joe Chealey 8 CHO PG 2.00
0%
847 Johnathan Motley 57 LAC PF 4.38
0%
790 Kevin Pangos 113 CLE PG 4.71
0%
547 Ky Bowman 772 GSW PG 17.16
0%
689 Lindell Wigginton 250 MIL PG 8.62
0%
801 Maozinha Pereira 99 MEM SF 14.14
0%
928 Marial Shayok 21 PHI SG 5.25
0%
769 Nathan Mensah 136 CHO C 5.44
0%
763 Ryan Broekhoff 145 DAL SF 8.53
0%
941 Shamorie Ponds 15 TOR PG 3.75
0%
943 Trevor Hudgins 15 HOU PG 3.00
0%
No matching quizzes found
Score Distribution
Percent of People with Each Score
Percentile by Number Answered
Your Score History
You have not taken this quiz